00630 2200229 4500001002100000005001500021035002000036007000300056008004100059020002200100082001100122084001700133100002700150245006500177250001000242260003600252300003500288650002600323504002700349990001200376990001200388INLIS00000000000282920190114123156 a0010-0119000181ta190114 g 0 ind  a978-602-453-766-1 a610.73 a610.73 WIW a0 aWIWIT, Dwi Nurbadriyah1 aAsuhan Keperawatan Gangguan Nutrisi /cWiwit Dwi Nurbadriyah acet.1 aYogyakarta :bDeepublish,c2018 ax, 189 hlm. :bilus. ;c25 cm. aPERAWAT DAN PERAWATAN aBibliografi : hlm. 189 a16990 a a16990 b